000 01310nam0a2200325 4500
001 RU\NLR\bibl\1091862
005 20260406141444.0
010 _a978-5-9524-2848-5
_96000
021 _aRU
_b2007-28718
_91527
035 _a(NLR Aleph) 001078993
090 _a1046422
_c1046422
100 _a20070530d2007 |||y0rusy50 ca
101 1 _arus
_ceng
102 _aRU
105 _ay |||||||||
200 1 _aЗагадки мироздания
_eизвестные и неизвестные факты
_fАйзек Азимов
_g[пер. с англ. Д.А. Лихачева]
210 _aМосква
_cЦентрполиграф
_d2007
215 _a428,[1] с.
_d19
225 1 _aНаучно-популярная библиотека
300 _aНа доп. тит.л.: Is anyone there? / Isaac Asimov
513 0 _6z20790
_aIs anyone there?
606 1 _aВселенная
_xСтроение
_xФилософские вопросы
_92098756
_3RU\NLR\auth\661269578
686 _aВ632.93в
700 1 _4070
_8rus
_7ca
_aАзимов
_bА.
_f1920-1992
_gАйзек
_3RU\NLR\auth\773445
_9113441
790 1 _4070
_8eng
_7ba
_aAsimov
_bI.
_f1920-1992
_gIsaac
_3RU\NLR\auth\7720019
_93087
801 0 _aRU
_bNLR
_c20070530
_gRCR
801 1 _aRU
_bNLR
_c20070530
942 _cBOOK
980 _aNB